福島県の戦前市制・町制 - Statistics

General Stats
  • This quiz has been taken 136 times
  • The average score is 52 of 70
Answer Stats
施工日 施行内容 所属郡 回答 % Correct
1904.04.01 市制 (市) 福島市
97%
1924.09.01 市制 (市) 郡山市
97%
1889.04.01 町制 西白河郡 白河町
96%
1889.04.01 町制 石城󠄀郡 平町
96%
1897.09.01 町制 相馬郡 原町
96%
1889.04.01 町制 信夫郡 福島町
94%
1889.04.01 町制 安積郡 郡山町
94%
1889.04.01 町制 北会津郡 若松町
94%
1889.04.01 町制 耶麻郡 喜多方町
94%
1937.06.01 市制 (市) 平市
94%
1889.04.01 町制 安達郡 二本松町
93%
1889.04.01 町制 岩瀬郡 須賀川町
93%
1894.03.27 町制 石川郡 石川町
93%
1899.04.01 市制 (市) 若松市
93%
1889.04.01 町制 東白川郡 棚倉町
92%
1900.03.01 町制 双葉郡 浪江町
92%
1925.05.01 町制 石城󠄀郡 勿来町
92%
1889.04.01 町制 安達郡 本宮町
90%
1896.07.01 町制 南会津郡 田島町
90%
1889.04.01 町制 耶麻郡 猪苗代町
89%
1889.04.01 町制 田村郡 三春町
89%
1889.04.01 町制 石城󠄀郡 小名浜町
89%
1934.04.01 町制 田村郡 船引町
89%
1900.03.01 町制 双葉郡 富岡町
87%
1940.04.01 町制 伊達郡 伊達町
87%
1889.04.01 町制 伊達郡 桑折町
86%
1889.04.01 町制 伊達郡 梁川町
86%
1889.04.01 町制 伊達郡 川俣町
86%
1889.04.01 町制 伊達郡 保原町
85%
1898.01.19 町制 相馬郡 小高町
83%
1889.04.01 町制 信夫郡 飯坂町
80%
1889.04.01 町制 石城󠄀郡 四倉町
80%
1889.04.01 町制 相馬郡 中村町
79%
1922.08.20 町制 石城󠄀郡 湯本町
79%
1940.04.01 町制 安達郡 熱海町
79%
1889.04.01 町制 河沼郡 坂下町
77%
1898.12.01 町制 相馬郡 鹿島町
77%
1942.05.20 町制 河沼郡 柳津町
77%
1903.06.01 町制 大沼郡 本郷町
76%
1942.07.29 町制 石城󠄀郡 内郷町
76%
1903.12.01 町制 西白河郡 矢吹町
75%
1896.07.01 町制 大沼郡 高田町
72%
1936.02.01 町制 信夫郡 松川町
72%
1925.08.01 町制 安積郡 日和田町
70%
1935.08.01 町制 石川郡 浅川町
69%
1940.04.01 町制 双葉郡 広野町
69%
1896.07.01 町制 田村郡 小野新町
68%
1902.06.01 町制 双葉郡 久之浜町
68%
1898.07.01 町制 田村郡 常葉町
66%
1928.01.01 町制 伊達郡 月舘町
66%
1937.05.01 町制 伊達郡 飯野町
63%
1942.12.08 町制 田村郡 大越町
63%
1901.06.07 町制 岩瀬郡 長沼町
62%
1908.04.01 町制 耶麻郡 塩川町
61%
1915.01.10 町制 伊達郡 藤田町
61%
1940.04.01 町制 田村郡 滝根町
59%
1923.04.10 町制 石城󠄀郡 植田町
56%
1937.04.01 町制 安積郡 富久山町
56%
1943.10.01 町制 安積郡 永盛町
55%
1913.02.01 町制 双葉郡 新山町
49%
1940.04.01 町制 石城󠄀郡 錦町
49%
1898.01.19 町制 伊達郡 掛田町
48%
1907.07.01 町制 河沼郡 野沢町
48%
1908.01.01 町制 田村郡 守山町
45%
1940.05.20 町制 伊達郡 湯野町
44%
1901.08.01 町制 安達郡 小浜町
42%
1902.01.01 町制 信夫郡 瀬上町
42%
1923.03.01 町制 石城󠄀郡 江名町
42%
1940.04.01 町制 安積郡 大槻町
42%
1940.06.01 町制 石城󠄀郡 豊間町
34%
No matching quizzes found
Score Distribution
Percent of People with Each Score
Percentile by Number Answered
Your Score History
You have not taken this quiz